|
|
|
|
| LEADER |
00000nam a2200000 a 4500 |
| 001 |
vtls001324990 |
| 003 |
SK-MaSNL |
| 005 |
20260301005540.0 |
| 008 |
240318s1997 PL d 0 pol |
| 020 |
|
|
|a 8386005173
|c [380,00]
|
| 035 |
|
|
|a SNK000277734
|
| 040 |
|
|
|a SNK
|b slo
|c SNK
|e AACR2
|
| 044 |
|
|
|a PL
|
| 080 |
|
|
|a 929.52:929.7(438)(083.81)
|2 1981
|
| 100 |
1 |
|
|a Uruski, Seweryn
|4 aut
|9 290022
|
| 245 |
1 |
0 |
|a Rodzina
|b herbarz szlachty polskiej
|n Tom 9
|c [Seweryn Uruski]
|
| 260 |
|
|
|a Poznań
|b Heroldium
|c 1997
|
| 300 |
|
|
|a 388 s.
|c 25 cm
|
| 500 |
|
|
|a Popis z tir.
|
| 500 |
|
|
|a Reprint. vyd.
|
| 500 |
|
|
|a Faksimile vyd. z r. 1912
|
| 650 |
0 |
7 |
|a šľachtické rody
|2 SNKPH
|9 31798
|
| 651 |
|
7 |
|a Poľsko
|2 SNKPHgeo
|9 16755
|
| 655 |
|
7 |
|a súpisy
|2 SNKPH
|9 70480
|
| 655 |
|
7 |
|a faksimile
|2 SNKPH
|9 70487
|
| 919 |
|
|
|a 83-86005-17-3
|
| 999 |
|
|
|c 545488
|d 547418
|
| 952 |
|
|
|t snkURU/9 929.53
|a SNKUST
|b SNKUST
|y PREZ
|7 0
|p 17A0128561
|o snkIC 126186/9
|i snkV 264/98
|0 0
|1 0
|4 0
|d 1998-03-19
|l 0
|r 2025-05-28 00:00:00
|w 2026-02-23
|